000 00229nam a22000857a 4500
008 170220b xxu||||| |||| 00| 0 eng d
100 _92918
_aRaja Pocket Book
245 _aSmelling Rat and Other Stories
260 _aNew Delhi
_bRPB
_c2007
999 _c6156
_d6156